| 000 | 00428nam a22001577a 4500 | ||
|---|---|---|---|
| 999 |
_c60504 _d60504 |
||
| 005 | 20230808160937.0 | ||
| 008 | 230808s1979 gw ||||| |||| 00| 0 ger d | ||
| 041 | _ager | ||
| 080 | _a902 C-94 | ||
| 100 |
_aCUPPERS, Heinz _919639 |
||
| 245 |
_aOtrang Roman Villa / _cHeinz CUPPERS. |
||
| 264 |
_aMainz, _c1979. |
||
| 300 |
_a40 p. _bill.; _c18 cm. |
||
| 653 | _aოტრანგ რომან ვილა | ||
| 942 |
_2udc _cBK |
||